Anatomy of seed plants (Record no. 7466)
[ view plain ]
| 000 -LEADER | |
|---|---|
| fixed length control field | 00400nam a22001577a 4500 |
| 003 - CONTROL NUMBER IDENTIFIER | |
| control field | OSt |
| 005 - DATE AND TIME OF LATEST TRANSACTION | |
| control field | 20210929112420.0 |
| 008 - FIXED-LENGTH DATA ELEMENTS--GENERAL INFORMATION | |
| fixed length control field | 210929b |||||||| |||| 00| 0 eng d |
| 040 ## - CATALOGING SOURCE | |
| Transcribing agency | Hawassa university |
| 050 ## - LIBRARY OF CONGRESS CALL NUMBER | |
| Classification number | 581/ESA |
| Item number | 5 |
| 082 ## - DEWEY DECIMAL CLASSIFICATION NUMBER | |
| Classification number | 581/ESA |
| Item number | 5 |
| 100 ## - MAIN ENTRY--PERSONAL NAME | |
| Personal name | Esau katherine |
| 9 (RLIN) | 7977 |
| 245 ## - TITLE STATEMENT | |
| Title | Anatomy of seed plants |
| 260 ## - PUBLICATION, DISTRIBUTION, ETC. | |
| Place of publication, distribution, etc. | New york |
| Name of publisher, distributor, etc. | John wiley & sons,inc |
| Date of publication, distribution, etc. | 1962 |
| 942 ## - ADDED ENTRY ELEMENTS (KOHA) | |
| Source of classification or shelving scheme | Dewey Decimal Classification |
| Koha item type | Books like text book referance book |
| Suppress in OPAC | No |
| Withdrawn status | Lost status | Source of classification or shelving scheme | Damaged status | Not for loan | Home library | Current library | Date acquired | Total Checkouts | Full call number | Barcode | Date last seen | Copy number | Price effective from | Koha item type | Collection code | Shelving location |
|---|---|---|---|---|---|---|---|---|---|---|---|---|---|---|---|---|
| Dewey Decimal Classification | College of Agriculture Library | College of Agriculture Library | 09/29/2021 | 581/ESA | ALIB0002744 | 09/29/2021 | C 1 | 09/29/2021 | Books like text book referance book | |||||||
| Dewey Decimal Classification | College of Agriculture Library | College of Agriculture Library | 09/29/2021 | 581/ESA | ALIB0002745 | 09/29/2021 | C 2 | 09/29/2021 | Books like text book referance book | |||||||
| Dewey Decimal Classification | College of Agriculture Library | College of Agriculture Library | 09/29/2021 | 581/ESA | ALIB0002746 | 09/29/2021 | C 3 | 09/29/2021 | Books like text book referance book | |||||||
| Dewey Decimal Classification | College of Agriculture Library | College of Agriculture Library | 09/29/2021 | 581/ESA | ALIB0002747 | 09/29/2021 | C 4 | 09/29/2021 | Books like text book referance book | |||||||
| Dewey Decimal Classification | College of Agriculture Library | College of Agriculture Library | 09/29/2021 | 581/ESA | ALIB0002748 | 09/29/2021 | C 5 | 09/29/2021 | Books like text book referance book | |||||||
| Dewey Decimal Classification | Wondo Genet Library | Wondo Genet Library | 01/03/2022 | 582/.04 ESA 1966 | WGCFNRL00009959 | 01/03/2022 | 1 | 01/03/2022 | Books like text book referance book | Reference | General Stacks |